The Image of an Ottoman City : Imperial Architecture and Urban Experience in Aleppo in the 16th and 17th Centuries /
This urban and architectural study of Aleppo, a center of early modern global trade, draws upon archival and narrative texts, architectural evidence, and contemporary theoretical discussions of the relation between imperial ideology, urban patterns and rituals, and architectural form. The first two...
المؤلف الرئيسي:
التنسيق: كتاب الكتروني
اللغة: English
منشور في:
Leiden; Boston :
BRILL,
2004.
سلاسل:
Brill Book Archive Part 1, ISBN: 9789004472495.
The Ottoman Empire and its Heritage ;
33.
الموضوعات:
الوصول للمادة أونلاين: Login to view Source
الوسوم: إضافة وسم
رقم الطلب: NA1489.7.A43
| LEADER | 03024nam a22005051i 4500 | ||
|---|---|---|---|
| 001 | BRILL9789047404224 | ||
| 003 | nllekb | ||
| 005 | 20211118222432.0 | ||
| 006 | m d | ||
| 007 | cr un uuuua | ||
| 008 | 210731s2004 ne sb 001 0 eng d | ||
| 010 | |z 2004050057 | ||
| 020 | |a 9789047404224 |q (electronic book) | ||
| 020 | |a 9789004124547 |q (print) | ||
| 024 | 7 | |a 10.1163/9789047404224 |2 DOI | |
| 035 | |a (OCoLC)191940095 | ||
| 040 | |a NL-LeKB |c NL-LeKB |e rda | ||
| 050 | 4 | |a NA1489.7.A43 | |
| 072 | 7 | |a HBJF1 |2 bicssc | |
| 072 | 7 | |a HIS |x 003000 |2 bisacsh | |
| 072 | 7 | |a HIS |x 026000 |2 bisacsh | |
| 082 | 0 | 4 | |a 720/.95691/09031 |2 23 |
| 100 | 1 | |a Watenpaugh, Heghnar, |e author. | |
| 245 | 1 | 4 | |a The Image of an Ottoman City : |b Imperial Architecture and Urban Experience in Aleppo in the 16th and 17th Centuries / |c Heghnar Watenpaugh. |
| 246 | 3 | |a Imperial Architecture and Urban Experience in Aleppo in the 16th and 17th Centuries | |
| 264 | 1 | |a Leiden; |a Boston : |b BRILL, |c 2004. | |
| 300 | |a 1 online resource. | ||
| 336 | |a text |b txt |2 rdacontent | ||
| 337 | |a computer |b c |2 rdamedia | ||
| 338 | |a online resource |2 rdacarrier | ||
| 490 | 1 | |a Brill Book Archive Part 1, ISBN: 9789004472495 | |
| 490 | 1 | |a The Ottoman Empire and its Heritage ; |v 33 | |
| 504 | |a Includes bibliographical references and index. | ||
| 520 | |a This urban and architectural study of Aleppo, a center of early modern global trade, draws upon archival and narrative texts, architectural evidence, and contemporary theoretical discussions of the relation between imperial ideology, urban patterns and rituals, and architectural form. The first two centuries of Ottoman rule fostered tremendous urban development and reorientation through judiciously sited acts of patronage. Monumental structures endowed by Ottoman officials both introduced a new imperial architecture from Istanbul and incorporated formal elements from the local urban visual language. By viewing the urban and social contexts of these acts, tracing their evolution over two centuries, and examining their discussion in Ottoman and Arabic sources, this book proposes a new model for understanding the local reception and adaptation of imperial forms, institutions and norms. | ||
| 588 | |a Description based on print version record. | ||
| 650 | 0 | |a Architecture and state |z Syria |z Aleppo |x History |y 16th century. | |
| 650 | 0 | |a Architecture, Ottoman |z Syria |z Aleppo. | |
| 650 | 0 | |a Islamic architecture |z Syria |z Aleppo. | |
| 776 | 0 | 8 | |i Print version: |t The Image of an Ottoman City : Imperial Architecture and Urban Experience in Aleppo in the 16th and 17th Centuries. |d Leiden ; Boston : BRILL, 2004 |z 9789004124547 |w (OCoLC)55131594 |
| 830 | 0 | |a Brill Book Archive Part 1, ISBN: 9789004472495. | |
| 830 | 0 | |a The Ottoman Empire and its Heritage ; |v 33. | |
| 856 | 4 | |z DOI: |u http://dx.doi.org/10.1163/9789047404224 | |
| 942 | |2 lcc |c EBOOK | ||
| 952 | |0 0 |1 0 |2 lcc |4 0 |7 1 |9 23133 |a BRILL |b BRILL |d 2021-11-18 |l 0 |r 2021-11-18 00:00:00 |w 2021-11-18 |y EBOOK | ||
| 999 | |c 40607 |d 40607 | ||
